000 00775nam a2200205 a 4500
008 120416s1983 ||||||||||||||||| || u
020 _a0043521053
050 _aJS 3111 Ric
100 _aRichards, Peter G
245 1 4 _aThe local government system
260 _aLondon
_bAllen & Unwin
_c1983
300 _a194p. : ill
350 _a0.00
490 _aThe New Local government series
490 _vno. 5
500 _a'Successor-volume to The reformed local government system'--T.p. verso. -Includes index. -Bibliography: p. [184]-185.
650 _aGOVERNMENT
650 _aLOCAL GOVERNMENT--GREAT BRITAIN
995 _D0.00
_FCBU-MAIN LIBRARY (Kitwe)
_H1
_I5.95
_M1
_UAVAILABLE
_ZMain Library Open Access Collection
999 _c49447
_d49447